Ôn tập toán cao cấp (Dùng ôn thi cao học khối các trường khoa học công nghệ)
Na minha lista:
| Autor principal: | |
|---|---|
| Formato: | Livro |
| Idioma: | Undetermined |
| Publicado em: |
Hà Nội
Bách khoa Hà Nội
2011
|
| Assuntos: | |
| Tags: |
Adicionar Tag
Sem tags, seja o primeiro a adicionar uma tag!
|
| Thư viện lưu trữ: | Trung tâm Học liệu Trường Đại học Cần Thơ |
|---|
| LEADER | 00669nam a2200205Ia 4500 | ||
|---|---|---|---|
| 001 | CTU_176527 | ||
| 008 | 210402s9999 xx 000 0 und d | ||
| 020 | |c 58000 | ||
| 082 | |a 515 | ||
| 082 | |b V312 | ||
| 100 | |a Lê, Trọng Vinh | ||
| 245 | 0 | |a Ôn tập toán cao cấp | |
| 245 | 0 | |b (Dùng ôn thi cao học khối các trường khoa học công nghệ) | |
| 245 | 0 | |c Lê Trọng Vinh, Tống Đình Quỳ | |
| 260 | |a Hà Nội | ||
| 260 | |b Bách khoa Hà Nội | ||
| 260 | |c 2011 | ||
| 650 | |a Mathematical analysis,Toán học giải tích | ||
| 910 | |a Nguyên | ||
| 980 | |a Trung tâm Học liệu Trường Đại học Cần Thơ | ||